000 00549nam a2200157 i 4500
001 85547
003 ES-MaACL
007 t|
008 041129s1954 sp ||||1| spa d
100 1 _aJust, Bela.
_967343
245 1 0 _aEn la Misión de París
_b: (la redención por el trabajo) /
_cBela Just ; versión española de F.I. ; prólogo de Félix López de Munain.
260 _aSan Sebastián :
_bDinor,
_c1954 (
_fImp. Industrial)
300 _a233 p. ;
_c19 cm.
700 1 _aLópez de Munain, Félix.
_973574
852 _aES-MaACL
_jC-9716
_bR.36177
999 _c85547
_d85547